000 00315nam a22001337a 4500
008 181218b xxu||||| |||| 00| 0 eng d
020 _a9781572304000
041 _aeng
080 _a159.9
100 _a49
101 _aPSI
245 _aCogntive-Behavioral Therapies for Trauma
_cFollette, V.M
942 _2udc
_cBK
999 _c53428
_d53428